مكتبة جامعة عجلون الوطنية

فهرس بحث المكتبة

Normal view MARC view
  • العالم - رحلات - جغرافية طبيعية

Entry Topical Term

Number of records used in: 1

001 - CONTROL NUMBER

  • control field: 47257

003 - CONTROL NUMBER IDENTIFIER

  • control field: JO-AjAnu

005 - DATE AND TIME OF LATEST TRANSACTION

  • control field: 20230606081813.0

008 - FIXED-LENGTH DATA ELEMENTS

  • fixed length control field: 230606|| aca||aabn | a|a d

040 ## - CATALOGING SOURCE

  • Original cataloging agency: JO-AjAnu
  • Transcribing agency: JO-AjAnu

150 ## - HEADING--TOPICAL TERM

  • Topical term or geographic name entry element: العالم - رحلات - جغرافية طبيعية

670 ## - SOURCE DATA FOUND

  • Source citation: Work cat.: (JO-AjAnu)24184: المومني، محمد أحمد عقلة، م.مشارك عبد علي الخفاف, author 47256, جغرافية القارات: آسيا، أوروبا، أفريقيا، أمريكيا الشمالية، أمريكيا الجنوبية، أستراليا ونيوزيلنده وجزر المحيط الهادي